000 01944nam2a2200337 4500
001 RU\NLR\bibl\792252
005 20260409065403.0
010 _a5-7107-8902-X
_bЧ. 2
021 _aRU
_b2004-79536
_93924
035 _a(NLR Aleph) 000781485
090 _a1064831
_c1064831
100 _a20050425d2004 u y0rusy50 ca
101 0 _arus
102 _aRU
105 _aa |||||||||
200 1 _a[Ряды, несобственные интегралы, ряды Фурье, преобразование Фурье]
215 _a710,[2] с.
_cграф.
300 _aЗагл. указано на обороте тит.л.
461 0 _1001RU\NLR\bibl\818887
_12001#$aЗадачи и упражнения по математическому анализу$vЧ. 2
_91222028
_aВиноградова, И. А. (канд. физ.-мат. наук)
_cМосква
_d2004
_e4-е изд., стер.
_fИ.А. Виноградова, С.Н. Олехник, В.А. Садовничий
_nДрофа
_oучебник для студентов высших учебных заведений, обучающихся по направлениям и специальностям физико-математического профиля : [в 2 ч.]
_tЗадачи и упражнения по математическому анализу
_y5-7107-8903-8
_vЧ. 2
606 _aРяды (мат.)
_jЗадачники
_3RU\NLR\auth\6627482
_9937155
606 1 _aИнтегралы
_jЗадачники
_91164017
_3RU\NLR\auth\66148403
606 1 _aФурье преобразования
_jЗадачники
_92216316
_3RU\NLR\auth\661331102
606 _aПреобразования (мат.) Фурье
_jЗадачники
_3RU\NLR\auth\66725661
_91640904
686 _aВ161.3я73-4
686 _aВ161.22я73-4
686 _aВ161.911я73-4
801 0 _aRU
_bNLR
_c20050425
_gPSBO
801 1 _aRU
_bNLR
_c20050425
942 _cBOOK
980 _aNB